| 000 | 01086nam a22003257a 4500 | ||
|---|---|---|---|
| 003 | CHAP | ||
| 005 | 20220817041518.0 | ||
| 008 | 971013s1907 r 00010 d | ||
| 010 | _a16642 | ||
| 011 | _a17614 | ||
| 035 | _a21697 | ||
| 040 | _cCHAP | ||
| 082 |
_a595.79 _bH6 |
||
| 100 | 0 | 0 |
_aHoward, L. O. _956480 |
| 245 | _aNew gerence and species of Aphelininae, with arevised table of genera | ||
| 260 |
_aWashington : _bU.S.D.A. Bureau of Entomology, _c1907 |
||
| 300 |
_ap. .69-88 _b: ilus. |
||
| 490 |
_aTeechnical series _v; 12, pt. IV |
||
| 500 | _aEncuadernado con : Howard, L. O. Revision of the Aphelininae of North America | ||
| 590 |
_aBATCH-UPD _b10 _c20130109 _lUCH01 _h2353 |
||
| 590 |
_aBATCH-UPD _b10 _c20130110 _lUCH01 _h0246 |
||
| 590 |
_aBATCH-UPD _b10 _c20130110 _lUCH01 _h2152 |
||
| 590 |
_aCONVERSION _b10 _c20130109 _lUCH01 _h1310 |
||
| 650 | 1 | 4 |
_aAfelininos. _91024 |
| 710 | 0 |
_aE.U.A. Department of Agriculture. _934876 |
|
| 830 | 0 |
_aTeechnical series _v; 12, pt. IV |
|
| 901 | _aBK | ||
| 942 | _cLIBRO | ||
| 949 |
_a595.79 H6 _bBC _cBPA _d-50411 _eBPA _i21697 _si |
||
| 999 |
_c16642 _d16642 |
||